| 000 | 00971nam a22003137a 4500 | ||
|---|---|---|---|
| 001 | 7701 | ||
| 003 | FISKH | ||
| 005 | 20250731133439.0 | ||
| 008 | 250731b cb ||||| |||| 00| 0 eng d | ||
| 020 | _a9780394884066 | ||
| 040 |
_aFISKH _beng _cFISKH _dFISKH |
||
| 050 | _aPZ7.M3688 S | ||
| 082 | _a813.6 | ||
| 100 | _aMarzollo, Jean | ||
| 245 |
_aSoccer Sam / _cBy Jean Marzollo : Illustrated by Blance Sims |
||
| 260 |
_aNew York : _bRandom House , _c1987. |
||
| 300 |
_a48 pages : _bcolor illustrations ; _c23 cm . |
||
| 490 | _aStep into Reading | ||
| 505 | _aK | ||
| 520 | _aSam's cousin from Mexico comes for an extended visit and teaches Sam and all the second graders to play soccer. | ||
| 521 | 8 |
_a510
_bLexile |
|
| 521 | 8 |
_aK
_bRaz-Plus |
|
| 650 |
_aBeginning reader _vFiction |
||
| 650 |
_aFriendship _vFiction |
||
| 650 |
_aSoccer _vFiction |
||
| 700 |
_aSims, Blanche _eIllustrator |
||
| 942 |
_2ddc _cBK _n0 |
||
| 999 |
_c7701 _d7701 |
||